| 000 | 01595nam a22004217a 4500 | ||
|---|---|---|---|
| 003 | CHAP | ||
| 005 | 20220329135554.0 | ||
| 008 | 971013s1995 r 00010 d | ||
| 010 | _a38718 | ||
| 011 | _a39690 | ||
| 035 | _a43815 | ||
| 040 | _cCHAP | ||
| 090 | _aTesis | ||
| 100 | 0 | 0 |
_aFernández Medina, Jorge David. _940237 |
| 245 | _aManual de procedimientos para realizar auditorías técnicas o visitas de inspección a predios con aprovechamiento forestal autorizado | ||
| 260 |
_aChapingo, Méx. : _bEl autor, _c1995 |
||
| 300 | _a152 h. | ||
| 502 | _aTesis (Ing. Forestal con Orientación en Economía y Orientación) -- UACH. División de Ciencias Forestales | ||
| 590 |
_aALEPH _b10 _c20130110 _lUCH01 _h1304 |
||
| 590 |
_aBATCH-UPD _b10 _c20130110 _lUCH01 _h0236 |
||
| 590 |
_aBATCH-UPD _b10 _c20130110 _lUCH01 _h0901 |
||
| 590 |
_aBATCH-UPD _b10 _c20130409 _lUCH01 _h2301 |
||
| 590 |
_aBATCH-UPD _b10 _c20130410 _lUCH01 _h1537 |
||
| 590 |
_aBATCH-UPD _b10 _c20130914 _lUCH01 _h0425 |
||
| 590 |
_aBATCH-UPD _b10 _c20130914 _lUCH01 _h2127 |
||
| 590 |
_aCONVERSION _b10 _c20130109 _lUCH01 _h1322 |
||
| 650 | 1 | 4 |
_aAuditoría. _98308 |
| 650 | 1 | 4 |
_aBosques _xAdministración. _914003 |
| 650 | 1 | 4 |
_aBosques _xAspectos económicos. _914058 |
| 650 | 1 | 4 |
_aBosques _xContabilidad. _914117 |
| 650 | 1 | 4 |
_aRecursos forestales _xUtilización. _995069 |
| 700 | 0 |
_aGalicia García, Germánico. _944251 |
|
| 700 | 0 |
_aMosqueda Vázquez, Mario Antonio. _979021 |
|
| 901 | _aBK | ||
| 942 | _cFOLL | ||
| 949 |
_bBC _cTES _d-100213 _eTS1 _h27396 _i43815 _si |
||
| 949 |
_bBC _cTES _d-100214 _eTS2 _fc.2 _h27397 _i43815 _si |
||
| 999 |
_c38718 _d38718 |
||